[Event "Brno Open 2022 - B FIDE open"]
[Site "Bobycentrum hotel, Brno"]
[Date "2022.11.12"]
[Round "1"]
[Board "11"]
[White "Dvorakova, Olga"]
[Black "Kakulamarri, Pranav"]
[Result "1/2-1/2"]
[WhiteElo "2054"]
[BlackElo "1584"]
[PlyCount "91"]
[EventDate "2022.11.12"]
[EventRounds "9"]
[EventCountry "CZE"]

1. d4 Nf6 2. c4 e6 3. Nc3 b6 4. e3 Bb7 5. Nf3 Bb4 6. Bd3 O-O 7. O-O d5 8. Bd2 dxc4
9. Bxc4 c5 10. a3 Bxc3 11. Bxc3 cxd4 12. Nxd4 Qc8 13. Qe2 a6 14. Rac1 Nc6 15. Nxc6
Qxc6 16. f3 Nd5 17. Bd4 b5 18. Bd3 Qd7 19. Qf2 f5 20. Rfd1 Rac8 21. Bc5 Rf6 22. b4
Qf7 23. Bd4 Rxc1 24. Rxc1 Rh6 25. Qg3 f4 26. exf4 Nxf4 27. Be5 Nxd3 28. Rc7 Rg6 29.
Rxf7 Rxg3 30. Rxb7 Rg5 31. f4 Rg4 32. h3 Rg6 33. Bd6 h5 34. Ra7 Ne1 35. Ra8+ Kh7
36. Rxa6 Nxg2 37. Kf2 Nh4 38. Be7 Nf5 39. Bd8 Rg3 40. Rxe6 Rxa3 41. Re5 Kg6 42. h4
Nd4 43. Rg5+ Kf7 44. Bb6 Rf3+ 45. Kg2 Rxf4 46. Rxh5  1/2-1/2

[Event "Brno Open 2022 - B FIDE open"]
[Site "Bobycentrum hotel, Brno"]
[Date "2022.11.12"]
[Round "1"]
[Board "15"]
[White "Szkoludek, Sebastian"]
[Black "Kellner, Rene"]
[Result "1-0"]
[WhiteElo "2003"]
[BlackElo "1538"]
[PlyCount "39"]
[EventDate "2022.11.12"]
[EventRounds "9"]
[EventCountry "CZE"]

1. d4 d5 2. c4 c6 3. Nf3 Nf6 4. g3 dxc4 5. Bg2 Bf5 6. O-O e6 7. Ne5 Nbd7 8. Nxc4
Be7 9. Nc3 O-O 10. e4 Bg6 11. Bf4 Nb6 12. Ne5 c5 13. dxc5 Bxc5 14. Qe2 Qe7 15. Nxg6
hxg6 16. Rac1 Rac8 17. a3 Rfd8 18. Bg5 e5 19. Bh3 Rc7 20. Nb5  1-0

[Event "Brno Open 2022 - B FIDE open"]
[Site "Bobycentrum hotel, Brno"]
[Date "2022.11.12"]
[Round "1"]
[Board "20"]
[White "Benes, Miroslav"]
[Black "Grausgruber, Jiri"]
[Result "1-0"]
[WhiteElo "1923"]
[BlackElo "1451"]
[PlyCount "37"]
[EventDate "2022.11.12"]
[EventRounds "9"]
[EventCountry "CZE"]

1. Nf3 d5 2. c4 e6 3. e3 Nf6 4. Nc3 b6 5. cxd5 Nxd5 6. d4 Nxc3 7. bxc3 Bb7 8. Ne5
c6 9. Qh5 g6 10. Qf3 Qe7 11. a4 Bg7 12. Ba3 Qc7 13. Bd6 Bxe5 14. Bxe5 Qe7 15. Bxh8
c5 16. Qf6 Qf8 17. Bg7 Qg8 18. Bb5+ Nd7 19. O-O  1-0

[Event "Brno Open 2022 - B FIDE open"]
[Site "Bobycentrum hotel, Brno"]
[Date "2022.11.12"]
[Round "1"]
[Board "23"]
[White "Daniel, Antonin"]
[Black "Mathisen, Runar"]
[Result "1/2-1/2"]
[WhiteElo "1410"]
[BlackElo "1892"]
[PlyCount "51"]
[EventDate "2022.11.12"]
[EventRounds "9"]
[EventCountry "CZE"]

1. e4 c5 2. Nf3 g6 3. c3 d5 4. Bb5+ Bd7 5. Qe2 dxe4 6. Bxd7+ Qxd7 7. Qxe4 Nf6 8.
Qc4 Qd5 9. Qb5+ Nbd7 10. O-O a6 11. Qe2 Bg7 12. c4 Qh5 13. Re1 O-O 14. Nc3 e6 15.
Rb1 Rfd8 16. h3 h6 17. b3 g5 18. Ne4 Qg6 19. Bb2 Nxe4 20. Qxe4 Qxe4 21. Rxe4 Nf6
22. Re2 Rd6 23. Bc3 Rc8 24. a4 Nd7 25. Bxg7 Kxg7 26. Rd1  1/2-1/2

[Event "Brno Open 2022 - B FIDE open"]
[Site "Bobycentrum hotel, Brno"]
[Date "2022.11.13"]
[Round "2"]
[Board "1"]
[White "Mondrzycki, Bartlomiej"]
[Black "Bacak, Petr"]
[Result "1-0"]
[WhiteElo "2214"]
[BlackElo "1987"]
[PlyCount "105"]
[EventDate "2022.11.12"]
[EventRounds "9"]
[EventCountry "CZE"]

1. d4 e6 2. Nf3 f5 3. Bf4 Nf6 4. e3 b6 5. Be2 Bb7 6. O-O Be7 7. h3 O-O 8. c4 Ne4
9. Nfd2 Nxd2 10. Qxd2 d6 11. Nc3 Nd7 12. Rad1 Bf6 13. Bh2 a6 14. b4 Qe8 15. Rfe1
Bd8 16. Qc2 Qg6 17. Bf1 Bf3 18. Rc1 Nf6 19. c5 bxc5 20. bxc5 dxc5 21. dxc5 Ne4 22.
Kh1 Bh4 23. Nxe4 Bxe4 24. Qe2 Qf7 25. Red1 Rfd8 26. f3 Rxd1 27. Rxd1 Bc6 28. Qc4
Bf6 29. Qf4 Bd5 30. Qxc7 Qxc7 31. Bxc7 Bxa2 32. Rc1 Bd5 33. Bc4 Bxc4 34. Rxc4 Kf7
35. c6 Rc8 36. Bb6 Be5 37. f4 Bc7 38. Bd4 g6 39. Rb4 Ke7 40. Bc5+ Ke8 41. Rb7 Kd8
42. Ra7 a5 43. Kg1 Rb8 44. Kf2 Kc8 45. Ra6 Rb2+ 46. Kf3 Rb5 47. Ra8+ Rb8 48. Ra6
Rb5 49. Bd4 Bb8 50. Bb6 a4 51. Bd4 Rb4 52. Ra8 a3 53. Be5  1-0

[Event "Brno Open 2022 - B FIDE open"]
[Site "Bobycentrum hotel, Brno"]
[Date "2022.11.13"]
[Round "2"]
[Board "2"]
[White "Al Thebaiti, Ahmed M"]
[Black "Husek, Martin"]
[Result "1/2-1/2"]
[WhiteElo "1931"]
[BlackElo "2192"]
[PlyCount "71"]
[EventDate "2022.11.12"]
[EventRounds "9"]
[EventCountry "CZE"]

1. d4 Nf6 2. Bf4 d5 3. e3 c5 4. c3 Nc6 5. Nd2 e6 6. Ngf3 cxd4 7. exd4 Nh5 8. Bg5
f6 9. Bh4 Bd6 10. Bg3 Nf4 11. Bxf4 Bxf4 12. g3 Bd6 13. Bh3 O-O 14. O-O Rf7 15. Nb3
Bd7 16. Re1 f5 17. Ne5 Bxe5 18. dxe5 f4 19. Nd4 Qb6 20. Re2 Nxd4 21. Qxd4 Qxd4 22.
cxd4 Rc8 23. Ree1 Rc2 24. Rec1 Rxb2 25. Rab1 Rxb1 26. Rxb1 b6 27. Rc1 Kf8 28. Rc7
Ke8 29. Rxa7 fxg3 30. Ra8+ Ke7 31. hxg3 Rf3 32. Rg8 Kf7 33. Rd8 Ke7 34. Rg8 Kf7 35.
Rd8 Ke7 36. Rg8  1/2-1/2

[Event "Brno Open 2022 - B FIDE open"]
[Site "Bobycentrum hotel, Brno"]
[Date "2022.11.13"]
[Round "2"]
[Board "3"]
[White "Glozar, Petr"]
[Black "Svobodova, Michaela"]
[Result "1-0"]
[WhiteElo "2189"]
[BlackElo "1973"]
[PlyCount "69"]
[EventDate "2022.11.12"]
[EventRounds "9"]
[EventCountry "CZE"]

1. Nf3 d5 2. c4 c6 3. e3 Nf6 4. Nc3 a6 5. b3 b5 6. a3 Bg4 7. d4 Nbd7 8. h3 Bh5 9.
g4 Bg6 10. Ne5 Nxe5 11. dxe5 Ne4 12. Nxe4 Bxe4 13. f3 Bg6 14. e6 Qd6 15. f4 Be4 16.
exf7+ Kxf7 17. Rh2 e6 18. Bb2 Be7 19. g5 h6 20. Qd4 Rh7 21. Bd3 Bxd3 22. Qxd3 g6
23. O-O-O bxc4 24. bxc4 Rb8 25. Rc2 Qd8 26. cxd5 cxd5 27. h4 Qa5 28. h5 Rg8 29. hxg6+
Rxg6 30. f5 Rxg5 31. fxe6+ Kg8 32. Rc8+ Bd8 33. Qc3 Rc7 34. Rxd8+ Kh7 35. Rd7+  1-0

[Event "Brno Open 2022 - B FIDE open"]
[Site "Bobycentrum hotel, Brno"]
[Date "2022.11.13"]
[Round "2"]
[Board "4"]
[White "Green, Per"]
[Black "Arndt, Stefan"]
[Result "0-1"]
[WhiteElo "1918"]
[BlackElo "2176"]
[PlyCount "76"]
[EventDate "2022.11.12"]
[EventRounds "9"]
[EventCountry "CZE"]

1. c4 e6 2. g3 d5 3. Bg2 Nf6 4. Nf3 Be7 5. O-O O-O 6. b3 c6 7. Bb2 b6 8. e3 Nbd7
9. Nc3 a5 10. Nd4 Bb7 11. cxd5 Nxd5 12. Nxd5 cxd5 13. Rc1 Nc5 14. d3 Bf6 15. Qe2
Qd7 16. Rfd1 Ba6 17. Bf1 e5 18. Nc2 Nxd3 19. Rxd3 Bxd3 20. Qxd3 e4 21. Qd2 Bxb2 22.
Rd1 Rfd8 23. Bg2 Qe6 24. f3 f5 25. Kh1 Rac8 26. Nd4 Bxd4 27. Qxd4 Re8 28. Rf1 Rc5
29. Rg1 Kh8 30. g4 exf3 31. Bxf3 Qxe3 32. Qd1 d4 33. gxf5 Rxf5 34. Bc6 Ref8 35. Qg4
Qh6 36. Bg2 Qf6 37. Qh3 g6 38. Be4 Rf1  0-1

[Event "Brno Open 2022 - B FIDE open"]
[Site "Bobycentrum hotel, Brno"]
[Date "2022.11.13"]
[Round "2"]
[Board "5"]
[White "Sipos, Stefania"]
[Black "Richterova, Natasa"]
[Result "0-1"]
[WhiteElo "1876"]
[BlackElo "2170"]
[PlyCount "108"]
[EventDate "2022.11.12"]
[EventRounds "9"]
[EventCountry "CZE"]

1. e4 c6 2. d4 d5 3. f3 h6 4. Nc3 a6 5. Be3 b5 6. Nge2 e6 7. Nf4 Nd7 8. Be2 Qa5 9.
a3 Qc7 10. Nd3 Nb6 11. b3 Bb7 12. Bf4 Qc8 13. Nc5 Nf6 14. O-O Be7 15. e5 Nh7 16.
b4 Nd7 17. Bd3 Nhf8 18. Qe1 Nxc5 19. bxc5 a5 20. Qg3 g6 21. Bd2 Ba6 22. Ne2 Bd8 23.
Qf2 Qc7 24. g4 Bc8 25. f4 f5 26. exf6 Bxf6 27. f5 gxf5 28. gxf5 e5 29. dxe5 Bxe5
30. Rae1 Bd7 31. Nf4 O-O-O 32. Ng6 Nxg6 33. fxg6 Kb7 34. Bxa5 Qxa5 35. Rxe5 Rhf8
36. Qxf8 Rxf8 37. Rxf8 Qc3 38. Re7 Qxc5+ 39. Kg2 Qxe7 40. Rf7 Qg5+ 41. Kf2 Kc8 42.
Rf3 Be6 43. Rg3 Qf6+ 44. Kg2 Qg7 45. Re3 Kd7 46. Kf2 Kd6 47. Rg3 Kc5 48. Ke2 Bg8
49. Kd2 Kb6 50. Rg4 c5 51. h4 c4 52. Be2 Be6 53. Rg3 Qd4+ 54. Kc1 Qf4+  0-1

[Event "Brno Open 2022 - B FIDE open"]
[Site "Bobycentrum hotel, Brno"]
[Date "2022.11.13"]
[Round "2"]
[Board "8"]
[White "Moser, Axel"]
[Black "Moewisch, Dave"]
[Result "1/2-1/2"]
[WhiteElo "2138"]
[BlackElo "1890"]
[PlyCount "51"]
[EventDate "2022.11.12"]
[EventRounds "9"]
[EventCountry "CZE"]

1. d4 Nf6 2. c4 e6 3. Nc3 Bb4 4. e3 O-O 5. Nge2 d5 6. a3 Be7 7. Nf4 c6 8. cxd5 exd5
9. Bd3 Na6 10. O-O Nc7 11. Qc2 Ne6 12. Nce2 Bd6 13. Bd2 Re8 14. Bb4 Bxb4 15. axb4
Nxf4 16. Nxf4 Bd7 17. Rfe1 h6 18. Ra3 a6 19. Bf1 Ne4 20. Nd3 Qg5 21. f3 Nd6 22. Ne5
Bf5 23. Qf2 Re7 24. Qg3 Qxg3 25. hxg3 Rae8 26. Kf2  1/2-1/2

[Event "Brno Open 2022 - B FIDE open"]
[Site "Bobycentrum hotel, Brno"]
[Date "2022.11.13"]
[Round "2"]
[Board "11"]
[White "Meszaros, Ludek"]
[Black "Piddubna, Bozhena"]
[Result "0-1"]
[WhiteElo "2057"]
[BlackElo "1795"]
[PlyCount "96"]
[EventDate "2022.11.12"]
[EventRounds "9"]
[EventCountry "CZE"]

1. d4 Nf6 2. c4 e6 3. Nc3 Bb4 4. Bg5 c5 5. d5 d6 6. f3 h6 7. Bh4 exd5 8. cxd5 Nbd7
9. e4 O-O 10. Bd3 Ne5 11. Nge2 Ng6 12. Bf2 Nh5 13. g4 Ne5 14. Nc1 Qf6 15. Be2 Nf4
16. O-O Nxe2+ 17. Qxe2 Nxf3+ 18. Kh1 Bxg4 19. Bg3 Bxc3 20. bxc3 Rfe8 21. Nd3 Qxc3
22. Nf2 Bh5 23. Rad1 g6 24. Rd3 Ne5 25. Rxc3 Bxe2 26. Rb1 b5 27. Kg2 b4 28. Re3 Bc4
29. a4 Rab8 30. Bxe5 Rxe5 31. Ng4 Rg5 32. Kf3 Kg7 33. h4 Rh5 34. Kg3 Ba6 35. Rb2
Bc8 36. Nf2 c4 37. Nd1 Rb7 38. Rf3 Re5 39. Kf4 c3 40. Rc2 Bd7 41. Ne3 Bxa4 42. Rc1
b3 43. Nc4 b2 44. Rfxc3 bxc1=Q+ 45. Rxc1 g5+ 46. hxg5 hxg5+ 47. Ke3 Rb3+ 48. Kd4
Rb4  0-1

[Event "Brno Open 2022 - B FIDE open"]
[Site "Bobycentrum hotel, Brno"]
[Date "2022.11.13"]
[Round "2"]
[Board "13"]
[White "Mak, Xiu Ning Charlene"]
[Black "Navratilik, Pavel"]
[Result "0-1"]
[WhiteElo "1747"]
[BlackElo "2035"]
[PlyCount "58"]
[EventDate "2022.11.12"]
[EventRounds "9"]
[EventCountry "CZE"]

1. e4 c5 2. Nf3 d6 3. d4 cxd4 4. Nxd4 Nf6 5. Nc3 a6 6. Be2 e5 7. Nb3 Be6 8. Be3 Be7
9. g4 d5 10. exd5 Nxd5 11. Nxd5 Bxd5 12. Bf3 e4 13. Bg2 Nc6 14. Qe2 Qc7 15. Nd4 O-O
16. Nxc6 Qxc6 17. Bd4 Bg5 18. h4 Bf4 19. b3 e3 20. f3 b5 21. O-O Qh6 22. Rfd1 Rad8
23. Qe1 Rfe8 24. Rd3 e2 25. Bf2 Qc6 26. Rc3 Qb7 27. Rd3 Qb8 28. Bd4 Bb7 29. a3 Rxd4
 0-1

[Event "Brno Open 2022 - B FIDE open"]
[Site "Bobycentrum hotel, Brno"]
[Date "2022.11.13"]
[Round "2"]
[Board "18"]
[White "Kakulamarri, Pranav"]
[Black "Opl, Klaus"]
[Result "1-0"]
[WhiteElo "1584"]
[BlackElo "1835"]
[PlyCount "79"]
[EventDate "2022.11.12"]
[EventRounds "9"]
[EventCountry "CZE"]

1. d4 d5 2. Bf4 Nf6 3. e3 c5 4. Nf3 Nc6 5. Nc3 a6 6. a4 Qb6 7. Rb1 Bg4 8. dxc5 Qxc5
9. Be2 e6 10. h3 Bh5 11. g4 Bg6 12. Ne5 Nxe5 13. Bxe5 Nd7 14. Bd4 Qb4 15. f4 f6 16.
f5 exf5 17. O-O Qd6 18. Rf4 fxg4 19. Bxg4 Rd8 20. b4 Be7 21. b5 a5 22. b6 O-O 23.
Nb5 Qc6 24. Bf5 Ne5 25. Nc7 Bxf5 26. Rxf5 Qd7 27. Qf1 Qc6 28. Qb5 Qxb5 29. Rxb5 g6
30. Rf1 Rd6 31. Nxd5 Re6 32. Nc7 Rc6 33. Nd5 Bd8 34. Bxe5 fxe5 35. Rxf8+ Kxf8 36.
Rxa5 Bxb6 37. Rb5 Bd8 38. Rxb7 h6 39. Nb4 Ra6 40. Nxa6  1-0

[Event "Brno Open 2022 - B FIDE open"]
[Site "Bobycentrum hotel, Brno"]
[Date "2022.11.13"]
[Round "2"]
[Board "21"]
[White "Horacek, Michal"]
[Black "Owczarek, Monika"]
[Result "1/2-1/2"]
[WhiteElo "2086"]
[BlackElo "1491"]
[PlyCount "80"]
[EventDate "2022.11.12"]
[EventRounds "9"]
[EventCountry "CZE"]

1. d4 Nf6 2. Nf3 g6 3. g3 Bg7 4. Bg2 O-O 5. O-O d6 6. c4 Nbd7 7. Nc3 c5 8. e3 Rb8
9. b3 a6 10. Bb2 b5 11. cxb5 axb5 12. Qc2 Qb6 13. Rfd1 Bb7 14. d5 b4 15. Na4 Qc7
16. e4 Nb6 17. e5 Nfxd5 18. exd6 exd6 19. Bxg7 Kxg7 20. Qb2+ Kg8 21. Nxb6 Qxb6 22.
Qd2 Kg7 23. Nh4 Ne7 24. Qxd6 Qxd6 25. Rxd6 Bxg2 26. Kxg2 Rfd8 27. Rxd8 Rxd8 28. Rc1
Rc8 29. Nf3 Nd5 30. Ne5 Nc3 31. a4 Ne2 32. Re1 Nd4 33. Re3 Re8 34. Nc4 Rxe3 35. fxe3
Nxb3 36. a5 Nxa5 37. Nxa5 f5 38. Kf3 Kf6 39. Nc4 h5 40. e4 fxe4+  1/2-1/2

[Event "Brno Open 2022 - B FIDE open"]
[Site "Bobycentrum hotel, Brno"]
[Date "2022.11.14"]
[Round "3"]
[Board "1"]
[White "Jires, Jiri"]
[Black "Mondrzycki, Bartlomiej"]
[Result "0-1"]
[WhiteElo "2088"]
[BlackElo "2214"]
[PlyCount "76"]
[EventDate "2022.11.12"]
[EventRounds "9"]
[EventCountry "CZE"]

1. e4 c5 2. c3 d5 3. exd5 Qxd5 4. d4 e6 5. Nf3 Nf6 6. Na3 a6 7. Nc4 Nbd7 8. a4 b6
9. Be2 Bb7 10. Bf4 cxd4 11. cxd4 Bb4+ 12. Bd2 Be7 13. Ne3 Qd6 14. Nc4 Qb8 15. O-O
O-O 16. a5 b5 17. Nce5 Nxe5 18. dxe5 Ne4 19. Be3 Bd5 20. Bd3 Qb7 21. Qe2 Rac8 22.
Rfc1 g6 23. Rxc8 Rxc8 24. Rd1 Nc5 25. Bxc5 Rxc5 26. Qe3 Kg7 27. Bf1 Qc7 28. Qf4 h6
29. Nd4 Bg5 30. Qg3 Rc1 31. Qd3 Rxd1 32. Qxd1 Qxe5 33. b3 Bf6 34. Nf3 Qc3 35. Nd2
Qxa5 36. Bd3 Qa1 37. Bb1 a5 38. h4 Bxh4  0-1

[Event "Brno Open 2022 - B FIDE open"]
[Site "Bobycentrum hotel, Brno"]
[Date "2022.11.14"]
[Round "3"]
[Board "2"]
[White "Navratilik, Pavel"]
[Black "Glozar, Petr"]
[Result "1-0"]
[WhiteElo "2035"]
[BlackElo "2189"]
[PlyCount "79"]
[EventDate "2022.11.12"]
[EventRounds "9"]
[EventCountry "CZE"]

1. d4 Nf6 2. c4 c5 3. Nf3 e6 4. Nc3 cxd4 5. Nxd4 a6 6. e4 Qc7 7. Be3 Be7 8. Be2 d6
9. O-O O-O 10. Qd2 b6 11. Rac1 Bb7 12. f3 Nbd7 13. Rfd1 Rfd8 14. b3 Rac8 15. g4 Nf8
16. Qe1 Rd7 17. Qf2 Rb8 18. h4 Ba8 19. g5 Ne8 20. f4 Bd8 21. h5 f6 22. Bg4 Re7 23.
Qg3 g6 24. hxg6 hxg6 25. f5 exf5 26. exf5 Qb7 27. Nd5 Rg7 28. fxg6 fxg5 29. Ne6 Rxg6
30. Nxf8 Kxf8 31. Rf1+ Bf6 32. Bh5 Rh6 33. Bxe8 Rxe8 34. Bxg5 Rg6 35. Rxf6+ Rxf6
36. Bxf6 Qh7 37. Qxd6+ Kg8 38. Qg3+ Kf8 39. Rf1 Bxd5 40. cxd5  1-0

[Event "Brno Open 2022 - B FIDE open"]
[Site "Bobycentrum hotel, Brno"]
[Date "2022.11.14"]
[Round "3"]
[Board "3"]
[White "Arndt, Stefan"]
[Black "Pokorny, Petr"]
[Result "1/2-1/2"]
[WhiteElo "2176"]
[BlackElo "2119"]
[PlyCount "34"]
[EventDate "2022.11.12"]
[EventRounds "9"]
[EventCountry "CZE"]

1. d4 d5 2. Nf3 e6 3. c4 c6 4. e3 f5 5. Be2 Nf6 6. O-O Bd6 7. b3 Qe7 8. a4 Nbd7 9.
Ba3 a5 10. Bxd6 Qxd6 11. Qc2 Ne4 12. Nbd2 O-O 13. Ne1 b6 14. Ndf3 Bb7 15. cxd5 cxd5
16. Bb5 Rfe8 17. Qb2 Ba6  1/2-1/2

[Event "Brno Open 2022 - B FIDE open"]
[Site "Bobycentrum hotel, Brno"]
[Date "2022.11.14"]
[Round "3"]
[Board "4"]
[White "Richterova, Natasa"]
[Black "Broz, Petr"]
[Result "1-0"]
[WhiteElo "2170"]
[BlackElo "2037"]
[PlyCount "71"]
[EventDate "2022.11.12"]
[EventRounds "9"]
[EventCountry "CZE"]

1. e4 e6 2. d4 d5 3. Nd2 a6 4. Ngf3 c5 5. exd5 exd5 6. dxc5 Bxc5 7. Bd3 Qe7+ 8. Be2
Nf6 9. O-O O-O 10. Nb3 Ba7 11. Bg5 Nc6 12. c3 Qd6 13. Bxf6 Qxf6 14. Qxd5 Bg4 15.
Rae1 Rad8 16. Qg5 Qxg5 17. Nxg5 Bf5 18. Nf3 Rfe8 19. Bc4 b5 20. Bd5 Ne7 21. Be4 Be6
22. Rd1 Bc4 23. Rxd8 Rxd8 24. Re1 Ng6 25. Na5 Bb6 26. Nxc4 bxc4 27. Bxg6 hxg6 28.
g3 Kf8 29. Re2 Rd5 30. Ne5 Bd8 31. Nxc4 Bg5 32. f4 Be7 33. Kg2 Bc5 34. Kf3 f6 35.
Ke4 Rd1 36. Rd2  1-0

[Event "Brno Open 2022 - B FIDE open"]
[Site "Bobycentrum hotel, Brno"]
[Date "2022.11.14"]
[Round "3"]
[Board "5"]
[White "Szkoludek, Sebastian"]
[Black "Moskvin, Anatoly"]
[Result "0-1"]
[WhiteElo "2003"]
[BlackElo "2170"]
[PlyCount "78"]
[EventDate "2022.11.12"]
[EventRounds "9"]
[EventCountry "CZE"]

1. d4 Nf6 2. c4 e6 3. g3 d5 4. Bg2 c6 5. Qc2 Be7 6. Nf3 dxc4 7. Qxc4 O-O 8. O-O b5
9. Qc2 Bb7 10. Nbd2 Nbd7 11. a4 bxa4 12. Rxa4 c5 13. Nb3 Be4 14. Qd1 Bc6 15. Ra1
cxd4 16. Nfxd4 Bxg2 17. Kxg2 Qb6 18. Na5 Rfc8 19. Qa4 Bf8 20. Be3 Nc5 21. Qa2 Nd5
22. Rfc1 Nxe3+ 23. fxe3 g6 24. b4 Qxb4 25. Rc4 Qb6 26. Rac1 Qd8 27. Kg1 Nd7 28. Ndc6
Qe8 29. R4c2 Nb6 30. Qb3 Rc7 31. Qb5 Bh6 32. Rd1 Nd5 33. Rd3 Bxe3+ 34. Kh1 Rb8 35.
Qxb8 Qxb8 36. Nxb8 Rxc2 37. Nbc6 Rxe2 38. Nc4 Bc5 39. N6a5 Ne3  0-1

[Event "Brno Open 2022 - B FIDE open"]
[Site "Bobycentrum hotel, Brno"]
[Date "2022.11.14"]
[Round "3"]
[Board "9"]
[White "Dvorakova, Olga"]
[Black "Mathisen, Runar"]
[Result "1-0"]
[WhiteElo "2054"]
[BlackElo "1892"]
[PlyCount "81"]
[EventDate "2022.11.12"]
[EventRounds "9"]
[EventCountry "CZE"]

1. d4 Nf6 2. c4 c5 3. d5 e5 4. Nc3 d6 5. e4 Be7 6. Nf3 Nbd7 7. Be2 O-O 8. O-O Ne8
9. Be3 g6 10. Nd2 f5 11. f4 exf4 12. Bxf4 Bg5 13. exf5 Bxf4 14. Rxf4 Ng7 15. Nde4
Nxf5 16. Qd2 Qe7 17. Raf1 Nd4 18. Rxf8+ Nxf8 19. b4 b6 20. bxc5 bxc5 21. Qf4 Bf5
22. Bd3 Nd7 23. g4 Ne5 24. gxf5 Nxd3 25. Qxd6 Qxd6 26. Nxd6 gxf5 27. Nxf5 Ne5 28.
Ne7+ Kg7 29. Ne4 Nxc4 30. Nxc5 Ne3 31. Rf2 Rb8 32. h3 Rb1+ 33. Kh2 Rb5 34. Ne6+ Nxe6
35. dxe6 Re5 36. Rf7+ Kh8 37. Ng6+ hxg6 38. e7 Nf5 39. Rf8+ Kg7 40. e8=Q Rxe8 41.
Rxe8  1-0

[Event "Brno Open 2022 - B FIDE open"]
[Site "Bobycentrum hotel, Brno"]
[Date "2022.11.14"]
[Round "3"]
[Board "12"]
[White "Aird, Ian"]
[Black "Meszaros, Ludek"]
[Result "1-0"]
[WhiteElo "1710"]
[BlackElo "2057"]
[PlyCount "55"]
[EventDate "2022.11.12"]
[EventRounds "9"]
[EventCountry "CZE"]

1. e4 g6 2. d4 Bg7 3. Nf3 d6 4. Be3 Nf6 5. Nc3 Bg4 6. Be2 O-O 7. O-O Nc6 8. Qd2 Nd7
9. h3 Bxf3 10. Bxf3 e5 11. dxe5 Ncxe5 12. Be2 Nb6 13. b3 Re8 14. Rad1 Nc6 15. f4
Bxc3 16. Qxc3 Rxe4 17. Bf3 Re8 18. a4 Nd7 19. f5 Nde5 20. fxg6 Nxf3+ 21. Rxf3 hxg6
22. Rg3 Qh4 23. Bg5 Qb4 24. Qf3 Re1+ 25. Rxe1 Qxe1+ 26. Kh2 Re8 27. Bf6 Qe4 28. Qh5
 1-0

[Event "Brno Open 2022 - B FIDE open"]
[Site "Bobycentrum hotel, Brno"]
[Date "2022.11.14"]
[Round "3"]
[Board "18"]
[White "Kubicek, Pavel"]
[Black "Kellner, Rene"]
[Result "1-0"]
[WhiteElo "1875"]
[BlackElo "1538"]
[PlyCount "61"]
[EventDate "2022.11.12"]
[EventRounds "9"]
[EventCountry "CZE"]

1. Nf3 d5 2. g3 c6 3. Bg2 Nf6 4. d4 Bf5 5. O-O Nbd7 6. Nbd2 e6 7. c3 Be7 8. Re1 O-O
9. Nh4 Re8 10. Nxf5 exf5 11. Qc2 Ne4 12. Nf1 Bg5 13. f3 Nd6 14. b3 Bxc1 15. Qxc1
Nf8 16. Qc2 Ng6 17. e4 fxe4 18. fxe4 Nxe4 19. Bxe4 dxe4 20. Rxe4 Rxe4 21. Qxe4 Qe7
22. Re1 Re8 23. Nd2 f5 24. Qxe7 Rxe7 25. Kf2 Rxe1 26. Kxe1 Ne7 27. Nc4 Nd5 28. Kd2
g6 29. Na5 Nf6 30. Nxb7 Ne4+ 31. Ke3  1-0

[Event "Brno Open 2022 - B FIDE open"]
[Site "Bobycentrum hotel, Brno"]
[Date "2022.11.14"]
[Round "3"]
[Board "21"]
[White "Grausgruber, Jiri"]
[Black "Sokolovsky, Jakub"]
[Result "1-0"]
[WhiteElo "1451"]
[BlackElo "1818"]
[PlyCount "87"]
[EventDate "2022.11.12"]
[EventRounds "9"]
[EventCountry "CZE"]

1. d4 Nf6 2. c4 e6 3. Nc3 d5 4. cxd5 exd5 5. Bg5 Be7 6. e3 c6 7. Bd3 h6 8. Bh4 O-O
9. Nge2 Nbd7 10. O-O Re8 11. Qc2 Bf8 12. Rab1 a5 13. a3 b5 14. Na2 Bb7 15. a4 b4
16. Bf5 Qb6 17. b3 g5 18. Bg3 Rac8 19. Bxd7 Nxd7 20. Qf5 Ba6 21. Rfe1 Qd8 22. Nac1
Bg7 23. Nd3 Re6 24. Nc5 Nxc5 25. dxc5 Rg6 26. Qg4 Bf8 27. Rbc1 Bxe2 28. Rxe2 Re6
29. Rd2 Qf6 30. Rd4 Rce8 31. Qd1 Bg7 32. h3 Qg6 33. Rd3 f5 34. Qc2 Bc3 35. Bd6 Qf6
36. Rdd1 f4 37. exf4 gxf4 38. Qd3 Re2 39. Rc2 Re1+ 40. Rxe1 Rxe1+ 41. Kh2 Kg7 42.
Re2 Rxe2 43. Qxe2 d4 44. Be5  1-0

[Event "Brno Open 2022 - B FIDE open"]
[Site "Bobycentrum hotel, Brno"]
[Date "2022.11.14"]
[Round "3"]
[Board "37"]
[White "Dobsinsky, Petr"]
[Black "Sknouril, Jakub"]
[Result "0-1"]
[WhiteElo "1262"]
[BlackElo "1359"]
[PlyCount "60"]
[EventDate "2022.11.12"]
[EventRounds "9"]
[EventCountry "CZE"]

1. d4 c5 2. dxc5 e6 3. e3 Bxc5 4. Nf3 d5 5. Nbd2 Nc6 6. Bb5 Bd7 7. a3 a6 8. Bxc6
Bxc6 9. O-O Nf6 10. Nb3 Bb6 11. Nfd4 Rc8 12. Nxc6 Rxc6 13. c3 O-O 14. Nd2 h6 15.
Nf3 Qc7 16. Nd4 Bxd4 17. exd4 Rc8 18. g3 Qe7 19. Qb3 Qc7 20. Be3 Qb6 21. Qxb6 Rxb6
22. Rab1 Rb5 23. f3 Rc6 24. Rf2 Rxc3 25. bxc3 Rxb1+ 26. Kg2 Rb3 27. Bc1 Rxc3 28.
Bb2 Rc8 29. Kf1 Nd7 30. h4 Nb6  0-1

[Event "Brno Open 2022 - B FIDE open"]
[Site "Bobycentrum hotel, Brno"]
[Date "2022.11.15"]
[Round "4"]
[Board "1"]
[White "Mondrzycki, Bartlomiej"]
[Black "Tikovsky, Alexandr"]
[Result "1-0"]
[WhiteElo "2214"]
[BlackElo "2168"]
[PlyCount "75"]
[EventDate "2022.11.12"]
[EventRounds "9"]
[EventCountry "CZE"]

1. d4 g6 2. e4 Bg7 3. Nf3 d6 4. Bd3 Nc6 5. c3 Nf6 6. O-O O-O 7. Re1 e5 8. h3 Re8
9. d5 Ne7 10. b4 Kh8 11. c4 Nd7 12. Bf1 a5 13. bxa5 Rxa5 14. a4 Rf8 15. Bd2 Ra8 16.
a5 f5 17. Bb4 Ng8 18. Nc3 Bh6 19. Bd3 fxe4 20. Nxe4 Ndf6 21. Ra3 Nxe4 22. Bxe4 Nf6
23. Bc2 Nh5 24. c5 Nf4 25. cxd6 cxd6 26. Be4 Rf7 27. Nd2 Bf8 28. Nc4 Qf6 29. Rf3
g5 30. Nb6 g4 31. hxg4 Bxg4 32. Nxa8 Qh4 33. Rxf4 Rxf4 34. g3 Qh5 35. Qc2 Rf7 36.
Nc7 Rf6 37. Bd2 Rxf2 38. Kxf2  1-0

[Event "Brno Open 2022 - B FIDE open"]
[Site "Bobycentrum hotel, Brno"]
[Date "2022.11.15"]
[Round "4"]
[Board "2"]
[White "Moskvin, Anatoly"]
[Black "Richterova, Natasa"]
[Result "1/2-1/2"]
[WhiteElo "2170"]
[BlackElo "2170"]
[PlyCount "62"]
[EventDate "2022.11.12"]
[EventRounds "9"]
[EventCountry "CZE"]

1. Nf3 d5 2. b3 Bf5 3. Bb2 e6 4. e3 h6 5. Be2 Nf6 6. O-O Nbd7 7. c4 Bd6 8. d4 c6
9. Nbd2 Qe7 10. Ne5 Ba3 11. Bxa3 Qxa3 12. Nxd7 Nxd7 13. cxd5 cxd5 14. Qc1 Qd6 15.
Qc3 O-O 16. Rfc1 Nf6 17. Qc5 Qd8 18. Qa3 a6 19. Qb4 Rb8 20. Nf3 Bg4 21. Rc2 Bxf3
22. Bxf3 Qd7 23. Rac1 Rfc8 24. Kf1 Ne8 25. Ke1 Rxc2 26. Rxc2 Qd6 27. Qxd6 Nxd6 28.
Rc5 Kf8 29. Be2 Ke7 30. Bd3 Kd7 31. Kd2 b6  1/2-1/2